000 00337nam a2200145Ia 4500
008 210719s1966 xx 000 0 und d
041 _aeng
082 _a301 BIEE
100 _aBIERSTEDT (Robert)
245 _aEmile Durkheim.
260 _aNY
_bDell Publishing Co.
_c1966
300 _a255
_bPB
365 _cRs
650 _aSociology
999 _c212625
_d212625